000 00692cam a2200205 4500
001 ##E503
008 1947
035 _a(Sirsi) u52407
041 0 _aeng
050 0 4 _a333.0062 $2 18
110 2 _aRoyal Institution of Chartered Surveyors
_94900
245 0 0 _aConstitution and regulations of the Scottish Branch
260 _aLondon
_bRICS
_c1947
300 _a12p.
_c21cm.
520 _aIncorporating the Scottish Estate Factors` Society and the Faculty of Surveyors of Scotland.
651 4 _aScotland
_y1707-1998
690 _aABOUT RICS-RICS STRUCTURE AND GOVERNANCE-RICS REGULATIONS-RICS CONDUCT REGULATIONS
942 _n0
948 _c04/03/1997
999 _c93059
_d93059